Electronics : BJTs, FETs, and microcircuits (Record no. 8874)

000 -LEADER
fixed length control field 00723 a2200181 4500
020 ## - INTERNATIONAL STANDARD BOOK NUMBER
International Standard Book Number 0882756788
040 ## - CATALOGING SOURCE
Original cataloging agency DLC
082 00 - DEWEY DECIMAL CLASSIFICATION NUMBER
Classification number 621.3815/3
100 1# - MAIN ENTRY--PERSONAL NAME
Personal name Angelo, Ernest James.
245 10 - TITLE STATEMENT
Title Electronics : BJTs, FETs, and microcircuits
Remainder of title BJTs, FETs, and microcircuits
Statement of responsibility, etc. E. James Angelo, Jr.
260 ## - PUBLICATION, DISTRIBUTION, ETC.
Place of publication, distribution, etc. Huntington, N.Y. :
Name of publisher, distributor, etc. R. E. Krieger Pub. Co.,
Date of publication, distribution, etc. 1979, c1969.
300 ## - PHYSICAL DESCRIPTION
Extent xv, 630 p. :
Other physical details ill. ;
Dimensions 25 cm.
500 ## - GENERAL NOTE
General note Reprint of the ed. published by McGraw-Hill, New York, issued in Brooklyn Polytecnic Institute series and in McGraw-Hill electrical and electronic engineering series.
650 #0 - SUBJECT ADDED ENTRY--TOPICAL TERM
Topical term or geographic name entry element Electronics.
650 #0 - SUBJECT ADDED ENTRY--TOPICAL TERM
Topical term or geographic name entry element Semiconductors.
650 #0 - SUBJECT ADDED ENTRY--TOPICAL TERM
Topical term or geographic name entry element Amplifiers (Electronics)
942 ## - ADDED ENTRY ELEMENTS (KOHA)
Koha item type Book
Call number prefix 621.38153 ANG
Source of classification or shelving scheme
Holdings
Withdrawn status Lost status Damaged status Not for loan Collection code Permanent Location Current Location Shelving location Date acquired Total Checkouts Full call number Barcode Date last seen Date last checked out Price effective from Koha item type
          Central Library (CL) Central Library (CL) General Stacks 06/03/2014 2 621.38153 ANG SEECSD00273 02/23/2016 02/23/2016 01/05/2017 Book
© 2023 Central Library, National University of Sciences and Technology. All Rights Reserved.